000 00648cam a22002291 4500
001 f 01000352
003 DLC
005 20260227111237.0
008 780308s1891 xx 000 0 fre
010 _af 01000352
035 _a(OCoLC)3696953
040 _aDLC
_cOT
_dDLC
042 _apremarc
050 0 0 _aPQ2315
_b.H6 1891
100 1 _aKarr, Alphonse,
_d1808-1890.
245 1 0 _aHortense,
_cpar Alphonse Karr.
250 _aNouv. éd.
260 _aParis,
_bCalmann Lévy,
_c1891.
300 _a2 p. l., 283, [1] p.
_c19 cm.
500 _aHalf-title: Œuvres complètes d'Alphonse Karr.
505 0 _aHortense.--Sans se voir.--Vendredi.
999 _c22410
_d22410